|
|
|
|
| LEADER |
00000nab a2200000 ar4500 |
| 001 |
vtls011428417 |
| 003 |
SK-MaSNL |
| 005 |
20260304133456.0 |
| 008 |
151216c2015 xo qr|p|||n |000 b|slo |
| 015 |
|
|
|a SNBRB2015/12
|
| 038 |
|
|
|a SPK
|
| 040 |
|
|
|a SPKCL
|b slo
|c AACR2
|e AACR2
|
| 041 |
0 |
|
|a slo
|
| 044 |
|
|
|a xo
|c SK
|
| 072 |
|
7 |
|a 37.016
|x Učebné osnovy. Vyučovacie predmety. Učebnice
|2 konspekt
|
| 072 |
|
7 |
|a 79
|x Rekreácia. Voľný čas. Zábavy. Hry. Šport
|2 konspekt
|
| 072 |
|
7 |
|a 685
|x Spracovanie kože. Obuvníctvo
|2 konspekt
|
| 080 |
|
|
|a 37.016:796/799
|2 2001
|
| 080 |
|
|
|a 796/799
|2 2001
|
| 080 |
|
|
|a 685.6/.8
|2 2001
|
| 100 |
1 |
|
|a Kyselovičová, Oľga,
|d 1963-
|4 aut
|9 39786
|
| 245 |
1 |
0 |
|a Rozvoj pohybových schopností s netradičným náčiním
|c Oľga Kyseľovičová
|
| 300 |
|
|
|b Obr.
|
| 504 |
|
|
|a Bibliogr. odkazy
|
| 650 |
0 |
7 |
|a telesná výchova
|2 snkbucl
|9 708
|
| 650 |
0 |
7 |
|a pohybový rozvoj
|2 snkbucl
|9 1227526
|
| 650 |
0 |
7 |
|a pohybová aktivita
|2 snkbucl
|9 3607
|
| 650 |
0 |
7 |
|a pohybové hry
|2 snkbucl
|9 3235
|
| 650 |
0 |
7 |
|a koberce
|2 snkbucl
|9 29791
|
| 650 |
0 |
7 |
|a metodika
|2 snkbucl
|9 280023
|
| 773 |
0 |
|
|t Telesná výchova & šport
|g Roč. XXV, č. 1 (2015)
|x 1335-2245
|
| 773 |
0 |
8 |
|t Metodická príloha
|g Roč. XXV (2015), s. I-IV
|
| 852 |
|
|
|a SPK
|b KIS3GCP
|
| 958 |
|
|
|a NB
|2 snkbucl
|
| 999 |
|
|
|c 2901774
|d 2903704
|